000
00317nam a22001337a 4500
003
SGT
020
_a
9788171327867
082
_a
630.715082,KHA
100
_a
KHARDE,PANDIT B.
245
_a
EXTENSION TEACHING METHODS FOR FARM WOMEN
260
_a
JAIPUR
_b
POINTER PUBLISHARS
_c
2022
300
_a
110
942
_2
ddc
_c
BK
999
_c
33666
_d
33666